Normal view
MARC view
Entry Personal Name
001 - CONTROL NUMBER
- control field: 1063244
003 - CONTROL NUMBER IDENTIFIER
- control field: OSt
005 - DATE AND TIME OF LATEST TRANSACTION
- control field: 20260121170402.0
008 - FIXED-LENGTH DATA ELEMENTS
- fixed length control field: 260121|| aca||aabn | a|a d
040 ## - CATALOGING SOURCE
- Original cataloging agency: OSt
- Transcribing agency: OSt
100 ## - HEADING--PERSONAL NAME
- Personal name: Owen Parker, Dimitris Tsarouhas
670 ## - SOURCE DATA FOUND
- Source citation: Work cat.: (OSt)1628973: Owen Parker, Dimitris Tsarouhas, Crisis in the Eurozone Periphery
